000 00358nam a2200133Ia 4500
008 220217s9999||||xx |||||||||||||| ||und||
020 _a81-7656-467-2
082 _a621.381 5 CAR
100 _aCarr, Joseph, J
_91902
245 0 _aExploring solid state amplifiers
260 _aTata mcgraw hill
_bNew Delhi
_c1999
300 _b0
650 _aCIRCUITRY
999 _c167766
_d167766